ბათუმის შოთა რუსთაველის სახელმწიფო უნივერსიტეტის ბიბლიოთეკა

ზოოლოგია (ბიბ.ჩანაწერი № 34848)

000 -LEADER
fixed length control field 00691nam a2200229Ia 4500
001 - CONTROL NUMBER
control field 665
003 - CONTROL NUMBER IDENTIFIER
control field GE_BSU
008 - FIXED-LENGTH DATA ELEMENTS--GENERAL INFORMATION
fixed length control field 181216s||||||||xx |||||||||||||| ||und||
040 ## - CATALOGING SOURCE
Transcribing agency GE_BSU
080 ## - UNIVERSAL DECIMAL CLASSIFICATION NUMBER
Universal Decimal Classification number 59(075.8)
100 ## - MAIN ENTRY--PERSONAL NAME
Personal name ნოვიკოვი,პ; ნაუმოვი,ს
245 ## - TITLE STATEMENT
Title ზოოლოგია
245 ## - TITLE STATEMENT
Remainder of title სახელმძღვ.ზოოვეტერინალური უმაღლ. სასწ.
250 ## - EDITION STATEMENT
Edition statement მე-2 გამოცემა
260 ## - PUBLICATION, DISTRIBUTION, ETC.
Place of publication, distribution, etc. თბილისი
260 ## - PUBLICATION, DISTRIBUTION, ETC.
Name of publisher, distributor, etc. განათლება
260 ## - PUBLICATION, DISTRIBUTION, ETC.
Date of publication, distribution, etc. 1989
300 ## - PHYSICAL DESCRIPTION
Extent 515 გვ.
653 ## - INDEX TERM--UNCONTROLLED
Uncontrolled term ზოოლოგია
942 ## - ADDED ENTRY ELEMENTS (KOHA)
Koha item type წიგნი
ეგზემპლარები
Withdrawn status Lost status Damaged status Not for loan Date acquired Barcode Date last seen Price effective from Koha item type
        2018-12-17 1881 2018-12-17 2018-12-17 წიგნი